00827nam a2200265 a 4500001001300000003000900013005001700022008004100039020002300080082002000103100002500123245008100148260004600229300000900275500003500284505001000319650002200329650001900351650001500370700002500385902000800410942000700418952012100425999001500546nice12345678IN_TiNIC20260116013045.0050524s1988 newa grp 000 0 eng  a0231271 c45000a305.420956bGRA aGraham, Brown, Sarah aImages of Womenb the Portrayal of Women in Photography of the Middle East 1 aNew YorkbColumbia University Pressc1988 a274p aincludes index and biblioraphy2 aIndex aWomen-Middle East aWomen-Portrait aWomen-Arab1 aGraham, Brown, Sarah bSRS cBK 001040708StackRoom-aHMIbHMId2007-03-23g450.00l0o305.420956 GRAp017507r2007-03-23v450.00w2005-05-24yBK c9465d9465